00403nam a2200157Ia 4500008004100000020001500041082001500056100001600071245005600087250000800143260002500151300001300176500002400189650001500213700001700228230524s9999 xx 000 0 und d a0070435898 a621.3bKOT aD P Kothari 0aTheory and Problems of Basic Electrical Engineering a1ST aNEW DELHIbPHIc2002 aVIII;510 aQuantity Number: 5 aElectrical a I.J.Nagrath